000 00529nam a22001697a 4500
003 OSt
005 20260422093308.0
008 260422b |||||||| |||| 00| 0 eng d
020 _a0-205-31603-4
040 _aDWCL Main Lib
_cOC
082 _22nd Edition
_aCirc. 428.0071 M145a 2000
100 _aMcDonald, James
245 _aThe Allyn and Bacon sourcebook for college writing teachers
_cJames McDonald
260 _aMA
_bAllyn and Bacon
_cc2000.
300 _a433 pages
_c21 cm
942 _2ddc
_cBK-CIRC
_e2nd Edition
_hCirc.
_n0
999 _c9746
_d9746